Conceptual Physics / (Record no. 207110)

MARC details
000 -LEADER
fixed length control field 00624nam a22002057a 4500
005 - DATE AND TIME OF LATEST TRANSACTION
control field 20241128110454.0
010 ## - LCCN (DPL NO)
LC control number ENG-142698
020 ## - INTERNATIONAL STANDARD BOOK NUMBER
Terms of availability 1070.00
International Standard Book Number 9789361598289
035 ## - SYSTEM CONTROL NUMBER
System control number EN-126230
037 ## - SOURCE OF ACQUISITION
Source of stock number/acquisition DBAD
082 ## - DEWEY DECIMAL CLASSIFICATION NUMBER
Classification number 530
Edition number 13
100 ## - MAIN ENTRY--PERSONAL NAME
Personal name Hewitt, Paul G.
245 ## - TITLE STATEMENT
Title Conceptual Physics /
Statement of responsibility, etc By Paul G. Hewitt
250 ## - EDITION STATEMENT
Edition statement 13
260 ## - PUBLICATION, DISTRIBUTION, ETC. (IMPRINT)
Place of publication, distribution, etc Uttar Pradesh
Name of publisher, distributor, etc Pearson India Education Pvt Ltd
Date of publication, distribution, etc 2025
270 ## - ADDRESS
City Uttar Pradesh
Address 1st FLoor, Berger Tower, Plot No. C-001A/2, Sector-16B, Noida
Postal code 201301
300 ## - PHYSICAL DESCRIPTION
Extent 889p.
Dimensions 25cm(pb)
Other physical details Index
500 ## - GENERAL NOTE
General note
942 ## - ADDED ENTRY ELEMENTS (KOHA)
Source of classification or shelving scheme Dewey Decimal Classification
Item type English Books
Classification part 530
Call number suffix HEW
Edition 13
Holdings
Withdrawn status Lost status Not for loan Collection code Home library Current library Date acquired Source of acquisition Cost, normal purchase price Full call number Barcode Copy number Cost, replacement price Koha item type
      Non-fiction D.B.Act.Division D.B.Act.Division 28/11/2024 Delivery of Books Act Division 1070.00 530 HEW EN-126230 1 1070.00 English Books

© Delhi Public Library
Hit Counter
free hit counter